[Event "CCT Final Playoff 2023"]
[Site "Toronto CAN"]
[Date "2023.12.10"]
[Round "3.2"]
[White "Firouzja,Alireza"]
[Black "Nakamura,Hi"]
[Result "0-1"]
[WhiteElo "2763"]
[BlackElo "2788"]

1.e4 e5 2.Nf3 Nf6 3.d3 Nc6 4.g3 Bc5 5.Bg2 d6 6.c3 a6 7.O-O O-O 8.Re1 Ne7
9.b4 Ba7 10.a4 a5 11.b5 Ng6 12.Na3 Be6 13.d4 Re8 14.Bb2 h6 15.h3 Nh7 16.Qd3 c6
17.Nc2 Nf6 18.Nd2 d5 19.c4 dxc4 20.Nxc4 exd4 21.Nxd4 Bxd4 22.Bxd4 c5 23.e5 Qxd4
24.Qxd4 cxd4 25.Nb6 Rab8 26.exf6 Red8 27.fxg7 d3 28.Rad1 d2 29.Re3 Rd6 30.Nd5 Bxd5
31.Rxd2 Rbd8 32.Red3 Ne7 33.f4 Kxg7 34.b6 R6d7 35.g4 Kf8 36.f5 f6 37.Kh2 Ke8
38.Bf1 Bc6 39.Rxd7 Rxd7 40.Re2 Kf8 41.Kg3 Bxa4 42.Ra2 Rd4 43.Ra3 Rb4 44.Kh4 Nxf5+  0-1

[Event "CCT Final Playoff 2023"]
[Site "Toronto CAN"]
[Date "2023.12.10"]
[Round "3.1"]
[White "Nakamura,Hi"]
[Black "Firouzja,Alireza"]
[Result "1-0"]
[WhiteElo "2788"]
[BlackElo "2763"]

1.d4 d5 2.Nc3 Nf6 3.Bf4 Bf5 4.e3 e6 5.Bd3 Bxd3 6.cxd3 Nc6 7.Qb3 Rb8 8.Nf3 Bd6
9.Bg5 h6 10.Bh4 O-O 11.Rc1 Be7 12.a3 Nh5 13.Bxe7 Nxe7 14.Ne2 Nf6 15.Ne5 c6
16.O-O Nd7 17.Qd1 f6 18.Nf3 Ng6 19.h4 e5 20.h5 Ne7 21.Ng3 Qc7 22.dxe5 fxe5
23.e4 Rf4 24.Re1 Rbf8 25.Rc2 Qd6 26.Rd2 c5 27.Nh2 Nc6 28.Ng4 Nd4 29.Ne3 dxe4
30.dxe4 Nf6 31.Nef5 Qe6 32.b4 b6 33.bxc5 bxc5 34.Rb2 Nxf5 35.exf5 Qe7 36.Qe2 Re8
37.Qa6 c4 38.Qc6 Qxa3 39.Rb7 Qa5 40.Rf1 Qd5 41.Qc7 Rg4 42.Rbb1 Nxh5 43.Rfd1 Qa8
44.Rb7 Nf6 45.Rd6 Qc8 46.Qf7+ Kh8 47.Rxf6 Qxb7 48.Qxb7 gxf6 49.Qf7 Rc8 50.Qxf6+ Kh7
51.Qe6 Rgg8 52.Ne4  1-0

[Event "CCT Final Playoff 2023"]
[Site "Toronto CAN"]
[Date "2023.12.10"]
[Round "4.3"]
[White "Carlsen,M"]
[Black "Nakamura,Hi"]
[Result "1-0"]
[WhiteElo "2830"]
[BlackElo "2788"]

1.e4 e5 2.Nf3 Nf6 3.Nxe5 Nxe4 4.d3 Nf6 5.d4 d5 6.Bd3 Bd6 7.O-O O-O 8.Bf4 Re8
9.Re1 c5 10.Nc3 c4 11.Be2 Nc6 12.Bf3 Be6 13.Qd2 Be7 14.b3 cxb3 15.axb3 Bb4
16.Nd3 Bxc3 17.Qxc3 Bg4 18.Rxe8+ Qxe8 19.Bxg4 Nxg4 20.Re1 Qc8 21.h3 Nf6 22.Nb4 Ne4
23.Nxc6 bxc6 24.Qa5 h5 25.f3 Nf6 26.Re5 Qd7 27.Qe1 Re8 28.Qh4 Re6 29.Qg5 g6
30.Rxe6 Qxe6 31.Be5 Ne8 32.Qh6 f5 33.Qh8+ Kf7 34.Qh7+ Kf8 35.Qxa7 Nf6 36.Qc7 Ke8
37.Kh2 h4 38.Bd6 Qd7 39.Qb8+ Qd8 40.Qxd8+ Kxd8 41.Bf4 Nh7 42.Bd2 Kd7 43.Be1 g5
44.f4 gxf4 45.Bxh4 Ke6 46.Kg1 Kf7 47.Kf2 Nf8 48.Kf3 Ne6 49.c3 Kg6 50.Be1 Ng5+
51.Kxf4  1-0

[Event "CCT Final Playoff 2023"]
[Site "Toronto CAN"]
[Date "2023.12.10"]
[Round "4.1"]
[White "Carlsen,M"]
[Black "Nakamura,Hi"]
[Result "1/2-1/2"]
[WhiteElo "2830"]
[BlackElo "2788"]

1.d4 d5 2.c4 c5 3.cxd5 Qxd5 4.Nf3 cxd4 5.Nc3 Qa5 6.Nxd4 Nf6 7.Nb3 Qc7 8.e4 Nc6
9.Be2 e5 10.O-O Be6 11.Nd5 Bxd5 12.exd5 Rd8 13.Bf3 e4 14.Re1 Bb4 15.Bd2 O-O
16.Bxb4 Nxb4 17.Bxe4 Nbxd5 18.Rc1 Qb6 19.Bb1 Nc3 20.Qf3 Nxb1 21.Rxb1 a5 22.Qe3 Qxe3
23.Rxe3 a4 24.Nc5 b5 25.Ne4 Nxe4 26.Rxe4 Rd2 27.Rb4 Re8 28.Rxb5 g6 29.Rb4 Ree2
30.Rf1 Rxb2 31.Rxa4 Rxa2 32.Rxa2 Rxa2 33.g3 Ra3 34.Kg2 Ra2 35.Kg1 Ra3  1/2-1/2

[Event "CCT Final Playoff 2023"]
[Site "Toronto CAN"]
[Date "2023.12.10"]
[Round "4.2"]
[White "Nakamura,Hi"]
[Black "Carlsen,M"]
[Result "1/2-1/2"]
[WhiteElo "2788"]
[BlackElo "2830"]

1.d4 Nf6 2.Bg5 d5 3.e3 c5 4.Bxf6 exf6 5.Nc3 Be6 6.Nge2 Nc6 7.g3 cxd4 8.Nxd4 Bb4
9.Qd2 Rc8 10.Nxc6 bxc6 11.a3 Bd6 12.Ne2 Qb6 13.b3 O-O 14.Bg2 Rfd8 15.O-O c5
16.Rfd1 a5 17.Rab1 d4 18.exd4 cxd4 19.Nxd4 Bxa3 20.Qf4 Bc5 21.Nxe6 fxe6 22.Bf1 g6
23.Qf3 Kg7 24.Kg2 Rxd1 25.Rxd1 Rd8 26.Rxd8 Qxd8 27.Bc4 e5 28.Qd5 Qxd5+ 29.Bxd5 f5
30.f3 Kf6 31.Kf1  1/2-1/2

[Event "CCT Final Playoff 2023"]
[Site "Toronto CAN"]
[Date "2023.12.11"]
[Round "5.1"]
[White "Abdusattorov,Nodirbek"]
[Black "Nakamura,Hi"]
[Result "0-1"]
[WhiteElo "2727"]
[BlackElo "2788"]

1.e4 c5 2.Nf3 Nc6 3.d4 cxd4 4.Nxd4 e5 5.Ne2 Bc5 6.Ng3 Nf6 7.Nc3 d6 8.Bd3 Ng4
9.Be3 Bxe3 10.fxe3 Nxe3 11.Qd2 Ng4 12.O-O-O Be6 13.h3 Nf6 14.Bb5 Rc8 15.Nf5 Bxf5
16.exf5 a6 17.Bxc6+ Rxc6 18.g4 Qa5 19.g5 Nh5 20.Rhe1 O-O 21.a3 Nf4 22.f6 Rfc8
23.Re3 b5 24.Kb1 Qb6 25.Re4 Qc7 26.Rde1 Rxc3 27.bxc3 Ne6 28.Rd1 Rd8 29.fxg7 d5
30.Rh4 e4 31.Qe3 Qe5 32.Qb6 Qxg5 33.Rg4 Qe5 34.Qxa6 e3 35.Qb6 Rc8 36.Rg2 Nf4
37.Rh2 Qxc3 38.Qd4 e2  0-1

[Event "CCT Final Playoff 2023"]
[Site "Toronto CAN"]
[Date "2023.12.11"]
[Round "5.2"]
[White "Nakamura,Hi"]
[Black "Abdusattorov,Nodirbek"]
[Result "0-1"]
[WhiteElo "2788"]
[BlackElo "2727"]

1.d4 d5 2.Bf4 Nf6 3.Nc3 e6 4.e3 Be7 5.Nb5 Na6 6.Nf3 O-O 7.a3 Bd7 8.Ne5 c6
9.Nxd7 Nxd7 10.Nc3 Nc7 11.Be2 f5 12.Nb1 Ne8 13.h3 Bd6 14.Nd2 Bxf4 15.exf4 Qb6
16.Nb3 Nd6 17.O-O Rf6 18.a4 a5 19.c3 Ne4 20.Bd3 Rh6 21.Re1 Qc7 22.Bxe4 fxe4
23.f3 Nf6 24.fxe4 Nh5 25.f5 Nf4 26.e5 Rf8 27.Re3 Rxf5 28.Rg3 Qf7 29.Kh2 b6
30.Nd2 Rg6 31.Rxg6 Qxg6 32.Qg4 Qh6 33.Rf1 g6 34.Qd1 Nd3 35.Rxf5 gxf5 36.Nf3 Qf4+
37.Kg1 Qe3+ 38.Kh2 Nxb2 39.Qf1 Nc4 40.Kh1 Kg7 41.g4 fxg4 42.Nh2 Qe4+ 43.Kg1 Qf5
44.Qe1 gxh3 45.Qh4 Ne3 46.Qe7+ Kg6 47.Qe8+ Kh6 48.Qxc6 Nd1 49.Nf3 Qg4+ 50.Kf1 Qxf3+
51.Ke1 Qxc3+  0-1

[Event "CCT Final Playoff 2023"]
[Site "Toronto CAN"]
[Date "2023.12.11"]
[Round "5.3"]
[White "Abdusattorov,Nodirbek"]
[Black "Nakamura,Hi"]
[Result "1-0"]
[WhiteElo "2727"]
[BlackElo "2788"]

1.e4 c5 2.Nf3 Nc6 3.d4 cxd4 4.Nxd4 e5 5.Ne2 Nf6 6.Nbc3 Bc5 7.Ng3 O-O 8.Bd3 d5
9.exd5 Nb4 10.O-O Nfxd5 11.Nxd5 Qxd5 12.Be4 Qxd1 13.Rxd1 Be6 14.c3 Nc6 15.b4 Bb6
16.Be3 Bxe3 17.fxe3 Rac8 18.Nf5 Bxf5 19.Bxf5 Rc7 20.Rd7 Rxd7 21.Bxd7 Rd8
22.Rd1 Kf8 23.Kf2 Ke7 24.Bg4 b6 25.e4 Rxd1 26.Bxd1 Kd6 27.Bb3 f6 28.a3 Ne7
29.h4 g6 30.g3 f5 31.Kf3 fxe4+ 32.Kxe4 Nf5 33.Kf3 Ke7 34.Bd5 h6 35.g4 Nd6
36.c4 g5 37.hxg5 hxg5 38.a4 Kd7 39.Ke3 a5 40.bxa5 bxa5 41.Kd3 Kc7 42.c5 Ne8
43.Kc4 Nf6 44.Bf3 e4 45.Be2 e3 46.Kd4 Nd7 47.Bf3 Nf8 48.Kxe3 Ne6 49.c6 Kd6
50.Bd1 Nc5 51.Kd4 Kxc6 52.Ke5 Kd7 53.Kf5 Ne6 54.Kf6 Kd6 55.Bc2 Nd4 56.Be4 Ne6
57.Bf5 Nc5 58.Bc2 Ne6 59.Bd3 Nc5 60.Bb5 Ne6 61.Be8 Nd4 62.Kxg5 Ke7 63.Bg6 Nf3+
64.Kf4 Nd4 65.Bd3 Ne6+ 66.Ke5 Nc5 67.Bc2 Kf7 68.Kd5 Na6 69.Kc4 Nc7 70.Kc5 Kf6
71.Kb6 Ne6 72.Kxa5  1-0

[Event "CCT Final Playoff 2023"]
[Site "Toronto CAN"]
[Date "2023.12.11"]
[Round "6.1"]
[White "Caruana,F"]
[Black "Nakamura,Hi"]
[Result "1/2-1/2"]
[WhiteElo "2794"]
[BlackElo "2788"]

1.e4 c5 2.Nf3 Nc6 3.Bb5 d6 4.O-O Bd7 5.Re1 a6 6.Bxc6 Bxc6 7.d4 cxd4 8.Nxd4 Nf6
9.c4 g6 10.Nc3 Bg7 11.Bg5 O-O 12.Qd2 Rc8 13.Rad1 Re8 14.b3 Nd7 15.Nd5 Nc5
16.h4 Ne6 17.Nxe6 fxe6 18.Nf4 Qd7 19.e5 b5 20.h5 h6 21.Nxg6 hxg5 22.Qxg5 Kh7
23.Rd3 Rg8 24.Qxe7 Qxe7 25.Nxe7 Bxe5 26.Nxc8 Rxc8 27.f4 bxc4 28.bxc4 Bxf4
29.Rxe6 Rg8 30.Rg6 Rxg6 31.hxg6+ Kxg6 32.Ra3 Bb7 33.Kf2 Kf5 34.Rb3 Bc8 35.Rb6 Be6
36.Rxa6 Bxc4 37.Ra8 d5 38.Kf3 Bd6 39.g4+ Ke6 40.a4 d4 41.Rc8 Ba6 42.Re8+ Kd5
43.g5 d3 44.Ke3 Bc5+ 45.Kd2 Bb4+ 46.Ke3 Bc5+ 47.Kd2 Bb4+ 48.Ke3 Bc5+ 49.Kd2 Bd6
50.g6 Bf4+ 51.Kc3 d2 52.Rd8+ Ke6 53.a5 Kf6 54.Rxd2 Bxd2+ 55.Kxd2 Kxg6  1/2-1/2

[Event "CCT Final Playoff 2023"]
[Site "Toronto CAN"]
[Date "2023.12.11"]
[Round "6.2"]
[White "Nakamura,Hi"]
[Black "Caruana,F"]
[Result "1/2-1/2"]
[WhiteElo "2788"]
[BlackElo "2794"]

1.d4 Nf6 2.Bg5 d5 3.e3 c5 4.Bxf6 gxf6 5.dxc5 Nc6 6.a3 e6 7.b4 a5 8.Nd2 axb4
9.axb4 Rxa1 10.Qxa1 Nxb4 11.Qa4+ Nc6 12.Bb5 Bd7 13.Nb3 Bg7 14.Nf3 O-O 15.O-O f5
16.Qf4 Ne5 17.Bxd7 Nxf3+ 18.Qxf3 Qxd7 19.h3 Ra8 20.Rb1 Qc7 21.Qe2 f4 22.e4 dxe4
23.Qxe4 Rd8 24.Qf3 Bf8 25.Ra1 Bxc5 26.Nxc5 Qxc5 27.Qxf4 Qd4 28.Qg5+ Kh8 29.c3 f6
30.Qa5 Qd5 31.Qc7 Rg8 32.g3 Qf3 33.Rb1 Rg7 34.Qb8+ Rg8 35.Qxb7 Qxc3 36.Qe4 f5
37.Qh4 Qg7 38.Rb6 Re8 39.Qf4 Qa1+ 40.Kh2 Qg7 41.Qa4 Qf7 42.Rb7 Qxb7 43.Qxe8+ Kg7
44.Qxe6 Qf3 45.Qe3 Qd5 46.Qe7+ Kg6 47.g4 fxg4 48.hxg4 Qf3 49.Qe8+ Kg7 50.Qe5+ Kg6
51.Qg3 Qd5 52.Qe3 Qd6+ 53.Kh3 Qd5 54.Kg3 Qd6+ 55.f4 Qd1 56.f5+ Kg7 57.g5 Qd6+
58.Kg4 Qd1+ 59.Kg3 Qd6+ 60.Qf4 Qd3+ 61.Kh4 Qd5 62.Kg3 Qd3+ 63.Qf3 Qd6+ 64.Kh3 Qd7
65.Qe4 Kf8 66.Kh4 Qd2 67.Qa8+ Kf7 68.Qb7+ Kf8 69.Qc8+ Kf7 70.Qc4+ Kf8 71.Qc5+ Kf7
72.Qa7+ Kf8 73.Qa3+ Kf7 74.Qb3+ Kf8 75.Qa3+ Kf7 76.Qa7+ Kf8 77.Qb8+ Kf7 78.Qb3+ Kf8
79.Qh3 Kg7 80.Qg3 Qd5 81.Qc3+ Kg8 82.Qh3 Kg7 83.Qf1 Qe4+ 84.Kh5 Qe8+ 85.Kg4 Qe4+
86.Kg3 Qe3+ 87.Kg4 Qe4+ 88.Qf4 Qg2+ 89.Kh4 Qh1+ 90.Kg3 Qg1+ 91.Kf3 Qf1+ 92.Kg4 Qg2+  1/2-1/2

[Event "CCT Final Playoff 2023"]
[Site "Toronto CAN"]
[Date "2023.12.11"]
[Round "6.3"]
[White "Caruana,F"]
[Black "Nakamura,Hi"]
[Result "1-0"]
[WhiteElo "2794"]
[BlackElo "2788"]

1.e4 c5 2.Nf3 Nc6 3.Bb5 d6 4.O-O Bd7 5.Re1 Nf6 6.c3 a6 7.Bf1 Bg4 8.h3 Bxf3
9.Qxf3 g6 10.d3 Bg7 11.Qd1 O-O 12.Nd2 b5 13.a3 a5 14.Nf3 b4 15.d4 Nd7 16.Be3 bxc3
17.bxc3 Qc7 18.Bb5 Rfc8 19.Rb1 a4 20.Bxa4 Nb6 21.Bb3 e6 22.Ng5 Nd8 23.Bf4 c4
24.Bc2 Rxa3 25.Qd2 Ra2 26.Nf3 e5 27.Be3 Nd7 28.Qd1 Ne6 29.Re2 Rca8 30.h4 R2a3
31.Qe1 Nf4 32.Bxf4 exf4 33.Qd2 Qa5 34.Qxf4 Qxc3 35.Qxd6 Nf8 36.e5 R8a6 37.Qd5 Ra1
38.Rxa1 Rxa1+ 39.Kh2 Ra5 40.Qe4 Qb4 41.d5 Qb8 42.g3 Ra7 43.Qxc4 Rc7 44.Qe4 Nd7
45.d6 Ra7 46.e6 Nf6 47.exf7+ Kf8 48.Qe6 Rxf7 49.Ng5 Rb7 50.Bb3 Bh8 51.Bd5 Ra7
52.Bc6  1-0

[Event "CCT Final Survival Loser"]
[Site "Toronto CAN"]
[Date "2023.12.12"]
[Round "1.1"]
[White "Vachier Lagrave,M"]
[Black "Nakamura,Hi"]
[Result "1-0"]
[WhiteElo "2731"]
[BlackElo "2788"]

1.e4 c5 2.Nf3 Nc6 3.Bb5 d6 4.O-O Bd7 5.Re1 Nf6 6.h3 Qb6 7.Na3 e5 8.c3 Be7
9.d3 O-O 10.Ba4 h6 11.Nc4 Qc7 12.Ne3 Be6 13.Bb3 Qd7 14.Nh2 Na5 15.Bd5 Nh7
16.a3 Bg5 17.b4 Nc6 18.bxc5 dxc5 19.c4 Bxe3 20.Bxe3 b6 21.f4 exf4 22.Bxf4 f5
23.Qa4 Rac8 24.Nf3 Rf6 25.Bxc6 Qxc6 26.Qxa7 Rf7 27.Qa6 fxe4 28.Rxe4 Ra8 29.Rxe6 Qxf3
30.gxf3 Rxa6 31.Re8+ Rf8 32.Rxf8+ Nxf8 33.a4 Ne6 34.Be5 Nd8 35.Kf2 Nc6 36.Bc3 Kf7
37.Ke3 g6 38.f4 Ke6 39.Ke4 h5 40.Rb1 Ne7 41.a5 bxa5 42.Rb5 a4 43.Rxc5 a3
44.Re5+ Kd7 45.Ra5 Rxa5 46.Bxa5 a2 47.Bc3 Nc6 48.d4 Na5 49.Kd3 Nc6 50.d5 Ne7
51.Be5 h4 52.Ke4 Nf5 53.c5 Ng3+ 54.Kd3 Nf5 55.c6+ Ke7 56.Kc4 Nd6+ 57.Kb3 Nf7
58.Kxa2 g5 59.d6+ Ke6 60.d7 g4 61.hxg4 h3 62.Bb8 Ke7 63.f5 Kd8 64.Bf4 Ke7
65.Kb3  1-0

[Event "CCT Final Survival Loser"]
[Site "Toronto CAN"]
[Date "2023.12.12"]
[Round "1.2"]
[White "Nakamura,Hi"]
[Black "Vachier Lagrave,M"]
[Result "1-0"]
[WhiteElo "2788"]
[BlackElo "2731"]

1.e4 c5 2.d4 cxd4 3.c3 Nf6 4.e5 Nd5 5.Qxd4 e6 6.Nf3 Nc6 7.Qe4 Qc7 8.Bc4 Nb6
9.Bd3 d5 10.Qe2 g6 11.O-O Bg7 12.Bf4 O-O 13.Nbd2 f6 14.exf6 Qxf4 15.fxg7 Kxg7
16.Bb5 Nd8 17.Nb3 a6 18.Bd3 Nf7 19.Rae1 Re8 20.g3 Qf6 21.Ne5 Nxe5 22.Qxe5 Qxe5
23.Rxe5 Nd7 24.Re3 e5 25.Rfe1 b6 26.Bf1 Bb7 27.Bh3 Nc5 28.Rxe5 Rxe5 29.Rxe5 Kf6
30.f4  1-0

[Event "CCT Final Survival Loser"]
[Site "Toronto CAN"]
[Date "2023.12.12"]
[Round "1.3"]
[White "Vachier Lagrave,M"]
[Black "Nakamura,Hi"]
[Result "1/2-1/2"]
[WhiteElo "2731"]
[BlackElo "2788"]

1.e4 e5 2.Nf3 Nf6 3.Nxe5 Nxe4 4.Qe2 Qe7 5.Qxe4 d6 6.f4 dxe5 7.fxe5 f5 8.Qe3 Nc6
9.Nc3 Nb4 10.Kd1 Be6 11.a3 Nc6 12.Bb5 g5 13.d3 f4 14.Qe4 O-O-O 15.Bxc6 bxc6
16.Qxc6 Bg4+ 17.Kd2 Qxe5 18.Re1 Qc5 19.Qa6+ Kb8 20.Ne4 Qd5 21.a4 c6 22.b3 Bg7
23.Rb1 Rhe8 24.Qc4 Qa5+ 25.b4 Qxa4 26.Bb2 Bxb2 27.Rxb2 Qb5 28.Qc3 Qe5 29.b5 cxb5
30.Ra1 Rd5 31.Qa5 Re7 32.Rab1 Rb7 33.Rb4 f3 34.gxf3 Bxf3 35.Nc3 Rc5 36.Qd8+ Rc8
37.Qd4 Qxh2+ 38.Kc1 a6 39.Kb2 Qc7 40.Rc1 Qc5 41.Qxc5 Rxc5 42.Nb1 h5 43.Nd2 Rf5
44.Re1 Rbf7 45.c4 Bc6 46.Nb3 Rd7 47.Re6 Kc7 48.d4 bxc4 49.Rxc4 Rd6 50.Re7+ Kd8
51.Rh7 Rb5 52.Rc5 h4 53.Kc3 Rxc5+ 54.dxc5 Rg6 55.Nd4 g4 56.Rxh4 g3 57.Nxc6+ Rxc6
58.Rg4 Rxc5+ 59.Kb2 Rb5+  1/2-1/2

[Event "CCT Final Survival Loser"]
[Site "Toronto CAN"]
[Date "2023.12.12"]
[Round "2.1"]
[White "Abdusattorov,Nodirbek"]
[Black "Nakamura,Hi"]
[Result "1/2-1/2"]
[WhiteElo "2727"]
[BlackElo "2788"]

1.e4 e5 2.Nf3 Nf6 3.d4 Nxe4 4.Bd3 d5 5.Nxe5 Nd7 6.Nc3 Bb4 7.O-O Nxe5 8.dxe5 Nxc3
9.bxc3 Bxc3 10.Rb1 O-O 11.Bxh7+ Kxh7 12.Qd3+ Kg8 13.Qxc3 a5 14.Rd1 Ra6 15.Rb5 Rc6
16.Qd3 Be6 17.Rxb7 Qh4 18.Rb3 Qe4 19.Rc3 Rxc3 20.Qxc3 c5 21.Re1 Qb4 22.Qxb4 axb4
23.a3 Rb8 24.axb4 Rxb4 25.c3 Re4 26.Rxe4 dxe4 27.h3 Kh7 28.Be3 c4 29.Kh2 Kg6
30.Kg3 Kf5 31.Kh4 Bd7 32.g4+ Kxe5 33.Kg5 Ke6 34.Bd4 f5 35.gxf5+ Kf7 36.h4 Ba4
37.Kf4 Bc2 38.Ke5 Bd3 39.Kd5 Bf1 40.Kxe4 Bd3+ 41.Ke5 Bf1 42.Kf4 Bd3 43.Kg5 Be2
44.h5 Bd3 45.f6 gxf6+ 46.Bxf6 Ke6 47.Bg7 Bc2 48.Kf4 Bd3 49.Ke3 Kd5 50.Kd2 Bf5
51.Bd4 Bg4 52.h6 Bf5 53.Kc1 Bh7 54.Kd2 Bg6 55.Ke3 Bh7 56.Bb6 Bg6  1/2-1/2

[Event "CCT Final Survival Loser"]
[Site "Toronto CAN"]
[Date "2023.12.12"]
[Round "2.3"]
[White "Nakamura,Hi"]
[Black "Abdusattorov,Nodirbek"]
[Result "1/2-1/2"]
[WhiteElo "2788"]
[BlackElo "2727"]

1.e4 e5 2.Nf3 Nc6 3.Bb5 a6 4.Ba4 Nf6 5.d3 d6 6.c4 g6 7.h3 Bg7 8.Nc3 O-O 9.O-O Nd4
10.Nxd4 exd4 11.Nd5 c6 12.Nxf6+ Qxf6 13.b4 b5 14.Bb3 Be6 15.Bd2 bxc4 16.dxc4 Qh4
17.Re1 f5 18.c5 Bxb3 19.Qxb3+ Kh8 20.f4 fxe4 21.Rxe4 d5 22.Re6 g5 23.Rae1 gxf4
24.Qf3 Rf6 25.Re8+ Rf8 26.R8e6 Rac8 27.a4 d3 28.Kh1 Qg3 29.Rf1 Rce8 30.Rxe8 Rxe8
31.Bxf4 Qxf3 32.Rxf3 Bc3 33.Rxd3 Bxb4 34.Bd6 Kg7 35.g4 Re4 36.Rf3 Rc4 37.Kg2 Bxc5
38.Be5+ Kg8 39.Rf6 Bd4 40.Bxd4 Rxd4 41.Rxc6 Rxa4 42.Kg3 d4 43.h4 a5 44.h5 Rb4
45.Rc8+ Kg7 46.Rc7+ Kg8 47.h6 Rb8 48.Rg7+ Kh8 49.Ra7 d3 50.Kf2 Rd8 51.Ke1 d2+
52.Kd1 Kg8 53.Rxa5 Kf7 54.Rg5 Rg8 55.Ra5 Rxg4 56.Ra7+ Kg8 57.Ra8+ Kf7 58.Rh8 Kg6
59.Rg8+ Kh5 60.Rg7 Rg6 61.Rxh7 Rxh6 62.Rxh6+ Kxh6 63.Kxd2  1/2-1/2

[Event "CCT Final Survival Loser"]
[Site "Toronto CAN"]
[Date "2023.12.12"]
[Round "2.2"]
[White "Nakamura,Hi"]
[Black "Abdusattorov,Nodirbek"]
[Result "1/2-1/2"]
[WhiteElo "2788"]
[BlackElo "2727"]

1.e4 e5 2.Nf3 Nc6 3.Bb5 a6 4.Ba4 Nf6 5.d3 d6 6.c3 Be7 7.O-O O-O 8.Nbd2 b5
9.Bc2 d5 10.Re1 dxe4 11.Nxe4 Nxe4 12.dxe4 Be6 13.Be3 Qxd1 14.Rexd1 Rfd8 15.Nd2 f6
16.f3 Kf7 17.Kf2 h5 18.Ke1 Na5 19.b4 Nb7 20.a4 c5 21.axb5 axb5 22.bxc5 Nxc5
23.Rxa8 Rxa8 24.Rb1 Na4 25.Rxb5 Nxc3 26.Rb7 Ra1+ 27.Kf2 Ra2 28.Bb3 Bxb3 29.Rxb3 Nd1+
30.Ke2 Nxe3 31.Kxe3  1/2-1/2

[Event "CCT Final Playoff 2023"]
[Site "Toronto CAN"]
[Date "2023.12.12"]
[Round "7.1"]
[White "Nakamura,Hi"]
[Black "Lazavik,Denis"]
[Result "1-0"]
[WhiteElo "2788"]
[BlackElo "2566"]

1.e4 e5 2.Bc4 Nf6 3.d3 Nc6 4.Nc3 Bb4 5.Ne2 d5 6.exd5 Nxd5 7.O-O Be6 8.a3 Be7
9.Bxd5 Bxd5 10.f4 f6 11.Ng3 Be6 12.fxe5 Qd4+ 13.Kh1 Nxe5 14.Qe1 O-O 15.Bf4 Rae8
16.Nge4 c6 17.Qg3 Ng6 18.Be3 Qd8 19.Bc5 f5 20.Bxe7 Qxe7 21.Nd2 f4 22.Qf2 Ne5
23.Nf3 Ng4 24.Qxa7 Ne3 25.Rf2 g5 26.Ne4 g4 27.Nfg5 Bd5 28.c4 Bxe4 29.Nxe4 g3
30.Rxf4 Rxf4 31.Qxe3 Ref8 32.hxg3 Rf1+ 33.Rxf1 Rxf1+ 34.Kh2 Qe5 35.Qe2 Rf5
36.Kg1 Qd4+ 37.Kh1 Qe5 38.g4 Rf7 39.g5 Kg7 40.Kg1 Qd4+ 41.Kh1 Qe5 42.g3 Re7
43.Qf2 Rf7 44.Qe2 Re7 45.Qd2 Rd7 46.Qh2 Qf5 47.Qe2 Re7 48.Qc2 Qf3+ 49.Kh2 Qf5
50.Qc3+ Qe5 51.Qxe5+ Rxe5 52.Kg2 Rf5 53.Nd6 Rxg5 54.Nxb7 Kf6 55.a4 Rg7 56.Nc5 Ke5
57.a5 Kd4 58.Ne6+  1-0

[Event "CCT Final Playoff 2023"]
[Site "Toronto CAN"]
[Date "2023.12.12"]
[Round "7.2"]
[White "Lazavik,Denis"]
[Black "Nakamura,Hi"]
[Result "0-1"]
[WhiteElo "2566"]
[BlackElo "2788"]

1.d4 Nf6 2.c4 e6 3.Nc3 Bb4 4.e3 O-O 5.Bd3 c5 6.Ne2 d5 7.cxd5 cxd4 8.exd4 Nxd5
9.O-O Nc6 10.Bc2 Bd6 11.Nxd5 exd5 12.Bf4 Bg4 13.f3 Bh5 14.Bxd6 Qxd6 15.Qd2 Bg6
16.Bb3 f6 17.Rac1 Bf7 18.Ba4 Ne7 19.Nc3 a6 20.Rfe1 Nc8 21.Bc2 Nb6 22.b3 Rfe8
23.Ne2 Nd7 24.Ng3 g6 25.Nf1 Rxe1 26.Rxe1 Re8 27.Rxe8+ Bxe8 28.Ne3 Bf7 29.Qc3 Kg7
30.a4 Nb8 31.Bd3 Nc6 32.Nc2 Be8 33.g3 Bd7 34.Kf2 Kf7 35.a5 Ke7 36.b4 Nd8
37.Qd2 Kf7 38.h4 Kg7 39.Qc3 Ba4 40.Ne3 Nc6 41.Bc2 Bb5 42.Bb1 Qxb4 43.Qxb4 Nxb4
44.Nc2 Nc6 45.Ba2 Bc4 46.Bxc4 dxc4 47.Ke3 Nxa5 48.d5 Nb3 49.Ke4 Kf7 50.f4 b5
51.f5 gxf5+ 52.Kxf5 a5 53.d6 c3 54.Ke4 Ke6 55.Kd3 b4 56.Kc4 Nd2+ 57.Kb5 Kxd6  0-1

[Event "Chessable Masters Play-In"]
[Site "chess.com INT"]
[Date "2024.01.31"]
[Round "1"]
[White "Nakamura,Hi"]
[Black "Gabuzyan,H"]
[Result "1-0"]
[WhiteElo "2788"]
[BlackElo "2579"]

1.Nf3 c5 2.e4 d6 3.c3 Nf6 4.Bd3 Nc6 5.Bc2 Bg4 6.d3 g6 7.Nbd2 Bg7 8.h3 Bxf3
9.Nxf3 O-O 10.O-O Rc8 11.d4 cxd4 12.cxd4 Qb6 13.d5 Na5 14.Rb1 Nd7 15.b3 Rc7
16.Bd2 Rfc8 17.Bd3 Bc3 18.b4 Bxd2 19.bxa5 Bxa5 20.Rxb6 Bxb6 21.Qe2 Rc3 22.Rd1 Ne5
23.Nxe5 dxe5 24.d6 exd6 25.g3 Bd4 26.Kg2 Kg7 27.Rd2 a6 28.Bc2 b5 29.Bb3 h5
30.Rxd4 exd4 31.Qd2 d3 32.Qe3 a5 33.Qd4+ Kg8 34.Qxd6 R8c6 35.Qd8+ Kg7 36.Qxa5 Rxb3
37.axb3 Rd6 38.Qd2 Kg8 39.Kf3  1-0

[Event "Chessable Masters Play-In"]
[Site "chess.com INT"]
[Date "2024.01.31"]
[Round "2"]
[White "Bok,B"]
[Black "Nakamura,Hi"]
[Result "0-1"]
[WhiteElo "2621"]
[BlackElo "2788"]

1.d4 e6 2.c4 Bb4+ 3.Nd2 d5 4.Qa4+ Nc6 5.e3 Nf6 6.Nf3 O-O 7.a3 Bd6 8.Qc2 Re8
9.Bd3 h6 10.O-O e5 11.cxd5 Nxd5 12.dxe5 Nxe5 13.Nxe5 Bxe5 14.Nc4 Bf6 15.Rd1 c6
16.e4 b5 17.Ne3 Nxe3 18.Bxe3 Bd7 19.f4 Qc8 20.e5 Bd8 21.Bh7+ Kh8 22.Be4 Bb6
23.Bxb6 axb6 24.Rac1 Ra4 25.Bxc6 Rc4 26.Qxc4 bxc4 27.Bxd7 Qc5+ 28.Kh1 Rd8
29.e6 fxe6 30.Bxe6 Rxd1+ 31.Rxd1 g6 32.h3 b5 33.Bd7 Kg7 34.Be8 Kf6 35.Re1 Qf2
36.Rb1 Qc2 37.Re1 Qxb2 38.Kh2 c3 39.Rd1  0-1

[Event "Chessable Masters Play-In"]
[Site "chess.com INT"]
[Date "2024.01.31"]
[Round "3"]
[White "Nakamura,Hi"]
[Black "Bortnyk,Olexandr"]
[Result "1-0"]
[WhiteElo "2788"]
[BlackElo "2608"]

1.d4 Nf6 2.Bg5 b6 3.f3 d5 4.c4 e6 5.cxd5 exd5 6.Nc3 Bb7 7.e3 Be7 8.Bd3 c5
9.Bb5+ Nfd7 10.Bxe7 Qxe7 11.Kf2 O-O 12.Bxd7 Nxd7 13.Nge2 Rfe8 14.Qd2 Qh4+
15.Ng3 Re6 16.Rhd1 Rae8 17.Kg1 Rh6 18.Nf1 Ba6 19.Qf2 Bxf1 20.Qxh4 Rxh4 21.Kxf1 cxd4
22.Rxd4 Rxd4 23.exd4 Nf6 24.Nb5 a6 25.Nc7 Rc8 26.Nxa6 Rc2 27.b4 g5 28.a4 g4
29.a5 gxf3 30.axb6 Ng4 31.gxf3 Nxh2+ 32.Ke1 Nxf3+ 33.Kd1 Rd2+ 34.Kc1 Rg2
35.b7  1-0

[Event "Chessable Masters Play-In"]
[Site "chess.com INT"]
[Date "2024.01.31"]
[Round "4"]
[White "Oparin,G"]
[Black "Nakamura,Hi"]
[Result "1/2-1/2"]
[WhiteElo "2664"]
[BlackElo "2788"]

1.e4 e5 2.Nf3 Nc6 3.Bb5 a6 4.Ba4 Nf6 5.O-O b5 6.Bb3 Bc5 7.c3 d6 8.d4 Bb6
9.h3 h6 10.Re1 O-O 11.Be3 Re8 12.Nbd2 Na5 13.Bc2 c5 14.b3 cxd4 15.cxd4 Nc6
16.Nf1 Bb7 17.Ng3 d5 18.dxe5 Nxe5 19.Nxe5 Rxe5 20.Bd4 Re6 21.e5 Ne4 22.Nxe4 Bxd4
23.Qxd4 dxe4 24.Qxd8+ Rxd8 25.Bxe4 Bxe4 26.Rxe4 Rd2 27.a4 Rd3 28.axb5 axb5
29.Ra8+ Kh7 30.Rf4 Re7 31.Rf8 Rdd7 32.g3 g5 33.Re4 Kg7 34.Rb8 Rd5 35.e6  1/2-1/2

[Event "Chessable Masters Play-In"]
[Site "chess.com INT"]
[Date "2024.01.31"]
[Round "5"]
[White "Shimanov,A"]
[Black "Nakamura,Hi"]
[Result "1/2-1/2"]
[WhiteElo "2578"]
[BlackElo "2788"]

1.e4 e5 2.Nf3 Nc6 3.Nc3 Nf6 4.h3 d5 5.exd5 Nxd5 6.Bb5 Nxc3 7.bxc3 Bd6 8.O-O O-O
9.Re1 Qf6 10.d4 exd4 11.cxd4 h6 12.Rb1 Bf5 13.Bf1 b6 14.Bb2 Nb4 15.d5 Bxc2
16.Qd2 Qf4 17.Qc3 Qf6 18.Qd2 Qf4 19.Qc3 Qf6 20.Qd2  1/2-1/2

[Event "Chessable Masters Play-In"]
[Site "chess.com INT"]
[Date "2024.01.31"]
[Round "6"]
[White "Nakamura,Hi"]
[Black "Paravyan,D"]
[Result "1-0"]
[WhiteElo "2788"]
[BlackElo "2612"]

1.d4 d5 2.Nf3 Nf6 3.c4 dxc4 4.e3 e6 5.Bxc4 c5 6.O-O Nc6 7.dxc5 Qxd1 8.Rxd1 Bxc5
9.a3 a6 10.b4 Be7 11.Bb2 b5 12.Be2 O-O 13.Nbd2 Bb7 14.Nb3 a5 15.Nc5 Bxc5
16.bxc5 Ba6 17.Rd6 Rfc8 18.Bxf6 gxf6 19.Nd4 Ne5 20.c6 Kf8 21.f4 Nc4 22.Bxc4 bxc4
23.Rb1 c3 24.Rc1 Ra7 25.e4 Ke7 26.e5 fxe5 27.fxe5 Rb8 28.c7 Rxc7 29.Nc6+ Rxc6
30.Rxc6 Bd3 31.R1xc3 Rb1+ 32.Kf2 Rb2+ 33.Ke3 Bb5 34.Rb6 Re2+ 35.Kf4 Ba4 36.Rb7+ Kf8
37.Rb8+ Ke7 38.Rc7+ Bd7 39.Rbb7 Rd2 40.Ra7 Rd5 41.g4 h6 42.h4 Rd4+ 43.Kg3 Rd3+
44.Kf4 Rd4+ 45.Ke3 Rd5 46.Ke4 Kd8 47.h5 Be8 48.Rc4 Rd1 49.Rd4+  1-0

[Event "Chessable Masters Play-In"]
[Site "chess.com INT"]
[Date "2024.01.31"]
[Round "7"]
[White "Vidit,S"]
[Black "Nakamura,Hi"]
[Result "0-1"]
[WhiteElo "2742"]
[BlackElo "2788"]

1.d4 Nf6 2.c4 e6 3.Nf3 b6 4.g3 Bb7 5.Bg2 Bb4+ 6.Bd2 Bxd2+ 7.Qxd2 O-O 8.O-O d6
9.Qd3 Be4 10.Qe3 Nbd7 11.Nc3 Bb7 12.Qf4 Re8 13.e4 e5 14.Qe3 c6 15.Rad1 Qe7
16.Nh4 g6 17.Qg5 Nh5 18.Qxe7 Rxe7 19.Rd2 Nf8 20.Rfd1 Ne6 21.Nf3 f6 22.Bh3 Nhg7
23.d5 cxd5 24.exd5 Nc7 25.Ne1 f5 26.Nc2 Nge8 27.g4 fxg4 28.Bxg4 Nf6 29.Be2 Nce8
30.b4 Rc8 31.Ne3 Ba6 32.a4 Ng7 33.a5 bxa5 34.b5 Bb7 35.Ra2 Rcc7 36.Rxa5 Bc8
37.Rb1 Nd7 38.Ne4 Ne8 39.Rba1 Ndf6 40.Nc3 Ng7 41.Rb1 Nd7 42.Ne4 Ne8 43.Bg4 Ndf6
44.Nxf6+ Nxf6 45.Bxc8 Rxc8 46.Ra6 Rd7 47.Rba1 Rcc7 48.f3 Ne8 49.Rc6 Rf7 50.Kg2 Rce7
51.Ng4 Rf4 52.Nf2 g5 53.h3 h5 54.Ra3 Kg7 55.Rd3 Rd7 56.Kg3 Nf6 57.Ra3 Rd4
58.Kg2 Kg6 59.Kf1 Kf5 60.Ke2 h4 61.Raa6 Nh5 62.Kf1 Kf4 63.Rxd6 Rxd6 64.Rxd6 Kxf3
65.Rd7 Rd2 66.Ke1 Rxf2 67.Rf7+ Nf4 68.d6 Ke3 69.Rxf4 gxf4 70.c5 Rd2 71.c6 f3  0-1